000 00406nam a22001577a 4500
999 _c11797
_d11797
008 210111b ||||| |||| 00| 0 eng d
082 0 0 _a623.85
_bG7781
100 _94103
_aGray, D.
245 1 0 _aCentralized and automatic controls in ships
_cBy D. Gray
250 _a1st ed.
260 _aOxford
_bPergamon
_c1966
300 _aix, 244 p.
365 _d26.00
650 0 _aShips--Automation
942 _cBK